|
|
|
|
| LEADER |
01974nam a2200553 4500 |
| 001 |
ocn911618209 |
| 003 |
OCoLC |
| 005 |
20170124070346.4 |
| 006 |
m o d |
| 007 |
cr ||||||||||| |
| 008 |
150623s2016 nju o 001 0 eng |
| 010 |
|
|
|a 2015025134
|
| 040 |
|
|
|a DLC
|b eng
|e rda
|c DLC
|d YDX
|d OCLCF
|d N$T
|d DG1
|d YDXCP
|d IDEBK
|d CDX
|d COO
|d DEBBG
|d GrThAP
|
| 020 |
|
|
|a 9781118754986 (epub)
|
| 020 |
|
|
|a 1118754980 (epub)
|
| 020 |
|
|
|a 9781118754955 (pdf)
|
| 020 |
|
|
|a 1118754956 (pdf)
|
| 020 |
|
|
|z 9781118752012 (cloth)
|
| 020 |
|
|
|z 9781118754887
|
| 020 |
|
|
|z 1118754883
|
| 020 |
|
|
|a 1118752015 (cloth)
|
| 020 |
|
|
|a 9781118752012 (cloth)
|
| 029 |
1 |
|
|a GBVCP
|b 845212427
|
| 029 |
1 |
|
|a DEBBG
|b BV043738006
|
| 035 |
|
|
|a (OCoLC)911618209
|
| 042 |
|
|
|a pcc
|
| 050 |
0 |
0 |
|a QD331
|
| 072 |
|
7 |
|a SCI
|x 013040
|2 bisacsh
|
| 082 |
0 |
0 |
|a 547/.61
|2 23
|
| 049 |
|
|
|a MAIN
|
| 245 |
0 |
0 |
|a Arene chemistry :
|b reaction mechanisms and methods for aromatic compounds /
|c edited by Jacques Mortier.
|
| 264 |
|
1 |
|a Hoboken, New Jersey :
|b John Wiley & Sons, Inc.,
|c [2016]
|
| 300 |
|
|
|a 1 online resource.
|
| 336 |
|
|
|a text
|2 rdacontent
|
| 337 |
|
|
|a computer
|2 rdamedia
|
| 338 |
|
|
|a online resource
|2 rdacarrier
|
| 500 |
|
|
|a Includes index.
|
| 588 |
|
|
|a Description based on print version record and CIP data provided by publisher.
|
| 504 |
|
|
|a Includes bibliographical references and index.
|
| 650 |
|
0 |
|a Aromatic compounds.
|
| 650 |
|
0 |
|a Chemistry, Organic.
|
| 650 |
|
7 |
|a Aromatic compounds.
|2 fast
|0 (OCoLC)fst00815019
|
| 650 |
|
7 |
|a Chemistry, Organic.
|2 fast
|0 (OCoLC)fst00853501
|
| 650 |
|
7 |
|a SCIENCE / Chemistry / Organic
|2 bisacsh
|
| 655 |
|
4 |
|a Electronic books.
|
| 700 |
1 |
|
|a Mortier, Jacques,
|d 1959-
|e editor.
|
| 776 |
0 |
8 |
|i Print version:
|t Arene chemistry
|d Hoboken, New Jersey : John Wiley & Sons, Inc., [2016]
|z 9781118752012
|w (DLC) 2015024766
|
| 856 |
4 |
0 |
|u https://doi.org/10.1002/9781118754887
|z Full Text via HEAL-Link
|
| 994 |
|
|
|a 92
|b DG1
|